000 00709nam a2200217 i 4500
001 C2-0315224
003 PPAK
005 20180728110948.0
008 120521s my |||| ||||| | may d
040 _aPPAK
_beng
_cPPAK
_erda
082 0 4 _a624.2
_223
090 0 0 _a624.2
_bJAB
_dKK
245 0 0 _aJabatan Kerja Raya Kota Setar / Padang Terap :
_bJambatan Datuk Kumbar/Titi Haji Idris Daerah Kota Setar, Kedah Darul Aman.
264 1 _aAlor Setar, Kedah :
_bBahagian Jalan JKR Kota Setar/Padang Terap ,
300 _a6 pages ;
_c30 cm.
336 _2rdacontent
_atext
337 _2rdamedia
_aunmediated
338 _2rdacarrier
_avolume
650 1 0 _aBridges - Design and construction.
942 _ddc
_cB
999 _c116483
_d116483